One Club Men #2 - Statistics

General Stats
  • This quiz has been taken 45 times
  • The average score is 7 of 10
Answer Stats
Player Years Team % Correct
Franco Baresi 1977-1997 AC Milan
97%
Paul Scholes 1994-2013 Manchester United
97%
Sepp Maier 1962-1980 FC Bayern München
86%
Tony Adams 1983-2002 Arsenal FC
80%
Marcel Schmelzer 2008-2022 Borussia Dortmund
77%
Ledley King 1998-2012 Tottenham Hotspur
74%
Manolo Sanchís 1983-2001 Real Madrid
66%
Sandro Mazzola 1960-1977 Inter
57%
João Pinto 1981-1997 FC Porto
51%
Julen Guerrero 1992-2006 Athletic Club
17%
No matching quizzes found
Score Distribution
Percent of People with Each Score
Percentile by Number Answered
Your Score History
You have not taken this quiz